000 00450nam a2200181Ia 4500
001 7443
005 20260306160455.0
008 260306t2013||||xx |||||||||||||| ||spa||
041 _aESP
082 _a338.9855
_bP26
100 _aParedes, Carlos E.
_eAUT
245 0 _aLas barreras al crecimiento económico en Huancavelica
260 _c2013
300 _a103 páginas :
_c21 cm.
650 _aGEN
654 _aCAN
942 _cLIB
_dJUS
_fJUS
_2ddc
_n
999 _c7443
_d7443